| 000 | 00745nam a2200217Ia 4500 | ||
|---|---|---|---|
| 001 | b1936-21679 [126] | ||
| 003 | IT-MiCISF | ||
| 008 | 161014s9999||||xx |||||||||||||| ||und|| | ||
| 040 |
_aIT-MiCISF _cIT-MiCISF |
||
| 041 | _ait | ||
| 100 | _aBoffardi ines | ||
| 245 | 0 | _aGenitori e figli. Un difficile rapporto e il servizio consultoriale | |
| 250 | _a1a ed. | ||
| 260 |
_a Brezzo di Bedero (VA) _bSalcom _c1987 |
||
| 300 | _app. 149 | ||
| 500 | _aGalli N., Zani Minoja L., Tettamanzi D. / coppia-senza-figli, consultori, famiglia, rapporti-genitori-figli, conflitto, famiglia-problematica, educazione-familiare, modello-famiglia / | ||
| 650 | _aconsulenza-familiare | ||
| 700 | _aAA.VV. | ||
| 942 | _cBK | ||
| 957 | _71 | ||
| 999 |
_a21679 _bsi _g1 _c215586 _d215586 |
||